• 首页
  • 本馆介绍
  • 公告通知
  • 最新文献
  • 馆藏检索
  • 电子资源
  • 读者导购
  • 参考咨询
  • 我的图书馆
  • 登录
  • 详细信息显示
  • 放入我的书架
  • 预约/预借图书
  • 作者相关作品
  • 分类相关作品
  • 丛书相关作品
  • 出版社相关作品

书目信息

  • 表格格式
  • 工作单格式
  • 卡片格式
题名:
厂长工作的基本准则
    
 
作者: ;国家经济委员会经济法规局 编著
分册:  
出版信息: 北京   法律出版社  1984
页数: 92页
开本: 19cm
丛书名:
单 册:
中图分类: F425.1
科图分类:
主题词: 工业企业管理:行政管理--条例--中国 , 行政管理:工业企业管理--条例--中国
电子资源:
ISBN:
000 00891nam0 2200253 45
001 0184013390
005 20060809164834.76
010    @dCNY0.35
091    @aCN@b6004.724
100    @a19950627d1984 em y0chiy0121 ea
101 0  @achi
102    @aCN@b110000
105    @ay z 000yy
200 10 @a厂长工作的基本准则@Achang zhang gong zuo de ji ben zhun ze@e国营工厂厂长工作暂行条例讲话@f国家经济委员会经济法规局编著
210    @a北京@c法律出版社@d1984
215    @a92页@d19cm
517 1  @a国营工厂厂长工作暂行条例讲话@Aguo ying gong chang chang zhang gong zuo zan xing tiao li jiang hua
606    @a工业企业管理:行政管理@x条例@y中国
606    @a行政管理:工业企业管理@x条例@y中国
690    @aF425.1@v3
711 02 @a国家经济委员会经济法规局@Aguo jia jing ji wei yuan hui jing ji fa gui ju@4编著
801  2 @aCN@bNLC@c20060809
801  0 @aCN@bTSSF
905    @a10447@dF425.1@e69
    
    厂长工作的基本准则:国营工厂厂长工作暂行条例讲话/国家经济委员会经济法规局编著.-北京:法律出版社,1984
    92页;19cm
    
    
    ISBN :CNY0.35
    
●
相关链接 在E读中查询图书 在五车中查询图书 在当当中查询图书 在豆瓣中查询图书


正题名:厂长工作的基本准则     索取号:F425.1/69         预约/预借

序号 登录号 条形码 馆藏地/架位号 状态 备注
1 0448098   204480980   密集书库/ [索取号:F425.1/69] 在馆    
2 0448099   204480999   密集书库/ [索取号:F425.1/69] 在馆    
唐山师范学院图书馆 欢迎您!
大连网信软件有限公司© 版权所有